| 000 | 00776nam a22002297a 4500 | ||
|---|---|---|---|
| 999 |
_c7722 _d7722 |
||
| 003 | AR-CdUCM | ||
| 008 | 190321b ||||| |||| 00| 0 spa d | ||
| 040 |
_aMUNICIPALIDAD PROVINCIAL DEL CUSCO _cBIBLIOTECA MUNICIPAL DEL CUSCO |
||
| 082 |
_a615 / _bP78 |
||
| 100 |
_aPorot, Antonie _921810 |
||
| 245 | _aLas Toxicomanías / | ||
| 260 |
_aEspaña : _boikos-tau , _c1971. |
||
| 300 |
_a123 páginas ; _c17.5 cm. |
||
| 440 |
_a¿Que se? _n28 _921811 |
||
| 505 | _aContenido : Generalidades sobre la toxicomanías -- La protección social contra las toxicomanías -- Anexos... | ||
| 650 |
_aToxicologia _921812 |
||
| 650 |
_aMedicina Toxicologica _921813 |
||
| 650 |
_aToxinas y herboristeria _921814 |
||
| 700 |
_aPorot, Maurice _921815 |
||
| 942 |
_2ddc _cLIBROS |
||
| 945 | _artm | ||